000 02225cam a22005174i 4500
003 PE-LiUPU
005 20250731165434.0
008 160306s2015 pe r 000 0 spa d
020 _a9781514270950
020 _a1514270951
035 _a(Sirsi) a156399
040 _aPE-LiUPU
_bspa
_cPE-LiUPU
_erda
082 0 4 _a001.42
_bS94
100 1 _aSupo, José,
_d1977- ,
_eautor.
245 1 0 _aCómo sustentar una tesis :
_bpresentación oral y defensa ante el jurado /
_cJosé Supo.
250 _aPrimera edición.
264 1 _aArequipa :
_bBioestadístico,
_c2015.
300 _a60 páginas ;
_c23 centímetros
336 _atext
_2rdacontent
337 _aunmediated
_2rdamedia
338 _avolume
_2rdacarrier
505 0 _aPlanea el éxito de tu presentación -- Elabora una presentación efectiva -- Apertura o descripción del problema -- Desarrollo: presentación de resultados -- Conclusiones y recomendaciones -- Preparación de la defensa de tesis -- El jurado que nunca leyó la tesis -- El jurado que presume saberlo todo -- Las preguntas del jurado de tesis -- Propuestas de solucion al problema.
526 _aSEG44
526 _aSEG26
526 _aP151
526 _aP150
526 _aP149
526 _aP146
526 _aP145
526 _aP126
526 _aP125
526 _aP92
526 _aP75
526 _aP74
526 _aP27
526 _aP15
596 _a1
650 0 4 _aTesis y disertaciones académicas
_xMetodología.
650 0 4 _aInvestigación
_xMetodología.
942 _2ddc
_cBOOK
949 _a001.42 S94
_wDEWEY
_c1
_i72689
_lCCODEBUL1
_mBUL
_p10
_r0
_sY
_tBOOK
_u2016-04-06
_oStaff.Coleción General
949 _a001.42 S94
_wDEWEY
_c2
_i72690
_lCCODEBUL1
_mBUL
_p10
_r0
_sY
_tBOOK
_u2016-04-06
_oStaff.Coleción General
999 _a001.42 S94
_wDEWEY
_c9079
_i72689
_d9079
_e2018-5-9
_f2021-11-4
_g6
_lCCODEBUL1
_mBUL
_n1
_p10.00
_q3
_r0
_sY
_tBOOK
_u2016-3-6
_xBIBLIOTECA
_PP69
_0COMPRA
_o.STAFF. Posgrado
999 _a001.42 S94
_wDEWEY
_c2
_i72690
_d2019-9-3
_e2019-6-24
_f2021-11-4
_g4
_lCCODEBUL1
_mBUL
_n3
_p10.00
_q1
_r0
_sY
_tBOOK
_u2016-3-6
_xBIBLIOTECA
_PP69
_0COMPRA
_o.STAFF. Posgrado
980 _81
_gALBERTO SANCHEZ Responsable de Automatización